[Event "OMA-ch 10th"]
[Site "Muscat"]
[Date "2023.02.18"]
[Round "3"]
[White "Al Jabri, Rashid"]
[Black "Al Salehi, Azzan"]
[Result "1-0"]
[WhiteElo "1629"]
[BlackElo "1431"]
[PlyCount "69"]
[EventDate "2023.02.16"]
[EventType "swiss"]
[EventRounds "9"]
[EventCountry "OMN"]
[SourceTitle "EXT 2024"]
[Source "ChessBase"]
[SourceDate "2023.10.10"]
[SourceVersion "1"]
[SourceVersionDate "2023.10.10"]
[SourceQuality "1"]

1. e4 e5 2. Nf3 Nc6 3. Bb5 d6 4. 0-0 Nf6 5. Re1 Be7 6. c3 0-0 7. h3 a6 8. Ba4 b5 9. Bc2 h6 10. d4 Qe8 11. Nbd2 Nh7 12. Nf1 f5 13. dxe5 Nxe5 14. Nxe5 dxe5 15. Qd5+ Kh8 16. Qxa8 f4 17. Qd5 Qh5 18. Bd1 Qg5 19. Qd3 Qg6 20. Bg4 Bxg4 21. hxg4 Qxg4 22. Nh2 Qg6 23. Nf3 Qh5 24. a4 Bd6 25. axb5 axb5 26. Ra6 g5 27. Rxd6 cxd6 28. Qxd6 Re8 29. Nxe5 g4 30. Bxf4 Rg8 31. g3 Ng5 32. Bxg5 Rxg5 33. Nf7+ Kg7 34. Nxg5 Qxg5 35. Ra1 1-0

[Event "OMA-ch"]
[Site "Muscat"]
[Date "2022.02.12"]
[Round "3"]
[White "Al Hosni, Khalfan"]
[Black "Al Salehi, Azzan"]
[Result "1-0"]
[WhiteElo "1657"]
[BlackElo "1341"]
[PlyCount "89"]
[EventDate "2022.02.10"]
[EventType "swiss"]
[EventRounds "9"]
[EventCountry "OMN"]
[SourceTitle "EXT 2023"]
[Source "ChessBase"]
[SourceDate "2022.10.05"]
[SourceVersion "1"]
[SourceVersionDate "2022.10.05"]
[SourceQuality "1"]

1. e4 g6 2. d4 Bg7 3. Nc3 d6 4. h3 Nd7 5. Bc4 Nh6 6. Bg5 Nb6 7. Bb3 Be6 8. Qd2 Bxb3 9. axb3 Ng8 10. Nge2 f6 11. Bh4 Qd7 12. d5 Bh6 13. Qd3 e5 14. dxe6 Qxe6 15. Nb5 Qd7 16. c4 a6 17. Nbc3 Bg7 18. f4 Ne7 19. Bf2 Rd8 20. g4 0-0 21. f5 g5 22. Nd4 Rfe8 23. Ne6 Rc8 24. h4 Bh6 25. Qh3 Nc6 26. Bxb6 cxb6 27. Nd5 Qf7 28. Kf1 Nd8 29. hxg5 Bxg5 30. Nxg5 fxg5 31. Qh6 Re6 32. Qxg5+ Rg6 33. Ne7+ Kf8 34. Nxg6+ hxg6 35. Rh8+ Kg7 36. Qh6+ Kf6 37. Rf8 Rc7 38. Rxf7+ Rxf7 39. Qxg6+ Ke7 40. Rd1 Rf6 41. Qg7+ Rf7 42. Qd4 Nc6 43. Qxd6+ Ke8 44. g5 Re7 45. g6 1-0